00376nam a2200121Ia 4500008004100000020001800041100001600059245006700075260004100142300002000183650002900203650002200232180922s9999 xx 000 0 und d a9780470587447 aKao,Robert. cRobert Kao, Dante Sarigumba.--aBlackberry curve for dummies / aNew Jersey :bWiley Publishingc2010 axiv, 346 pages. aBlackBerry (Smartphone). aMobile computing.